| 000 | 00397nam a2200157Ia 4500 | ||
|---|---|---|---|
| 008 | 230917s9999||||xx |||||||||||||| ||und|| | ||
| 040 |
_e198649 _aMAIN |
||
| 041 | _aEnglish | ||
| 082 | _a658.4092 A72F(2) | ||
| 100 | _aAvolio, Bruce J | ||
| 245 | 0 | _aFull range leadership development | |
| 250 | _a2nd ed. | ||
| 260 |
_aLos Angeles _bSage Publications _c2011 |
||
| 300 | _a264 p. | ||
| 942 | _cBK | ||
| 999 |
_c158669 _d158669 |
||